| 000 | 00838nam a2200241Ia 4500 | ||
|---|---|---|---|
| 003 | OSt | ||
| 005 | 20220916110923.0 | ||
| 006 | a|||||r|||| 00| 0 | ||
| 007 | ta | ||
| 008 | 220915b |||||||| |||| 00| 0 hin d | ||
| 024 | _a158539 | ||
| 037 | _cTextbook | ||
| 040 |
_bhin _aARTS _cARTS |
||
| 041 | _ahin | ||
| 082 | _aO152,3(Y15):gN, K7;L8 | ||
| 100 | _aगुप्ता, उर्मिला | ||
| 245 | 0 | _aस्वातंत्रयोतर कथा लेखिकाएॅं | |
| 246 | _aSvātantrayotar kathā lekhikāeॅan | ||
| 260 |
_aनई _bदिल्ली अनुराग प्रकाशन _c1978 |
||
| 650 | _aहिन्दी साहित्य | ||
| 942 |
_hO152,3(Y15):gN, K7;L8 _cTB _2CC |
||
| 999 |
_c101448 _d101448 |
||